Xdinary Heroes Alphabet song - Statistics

General Stats
  • This quiz has been taken 65 times
    16 since last reset
  • The average score is 18 of 21
Answer Stats
Hint Answer % Correct
A Again?Again! / Addiction / Ashes to ashes
100%
B Bicycle / Break the brake / Bad Chemical / Boy comics / Beautiful life / BBB
100%
F Freakin' Bad / Freddy / Feeling Nice / Fight me / Fire
100%
H Hair cut / Happy death day / Helium Balloon / Hurt so good
100%
L Lunatic / Little Things / Love and fear / Lost and found / Love tug of war / love me 2 death
100%
P Pluto / Paranoid / Pirates / Paint it
100%
S Sucker punch / Strawberry cake / Save me / Supernatural / Spoiler!!!
100%
D Dear H / Dreaming girl / Diamond
89%
G Good Enough / Ghost / George the lobster
89%
K Knock Down / KTM
89%
M Man in the box / Money on my mind / Moneyball / More than I like
89%
X Xmas / Xymphony / X room
89%
Z Zzz...
89%
I Instead / ICU
78%
N No matter / Night of fireworks / Night before the end / No cool kids zone
78%
U Undefined / Until the end of time
78%
V Voyager
78%
C Come into my head / checkmate / crack in the mirror
67%
T Test me
67%
E Enemy
56%
W Walking to the moon
44%
No matching quizzes found
Score Distribution
Percent of People with Each Score
Percentile by Number Answered
Your Score History
You have not taken this quiz since the last reset